[Event "Capablanca Mem Mixto"]
[Site "Havana CUB"]
[Date "2004.05.17"]
[Round "11"]
[White "Arribas,M"]
[Black "Pina,S"]
[Result "1/2-1/2"]
[WhiteElo "2327"]
[BlackElo "2317"]

1.e4 c5 2.Nf3 d6 3.Bb5+ Nd7 4.O-O Nf6 5.Re1 a6 6.Bxd7+ Bxd7 7.c3 e5 8.d4 Qc7
9.Bg5 Be7 10.Nbd2 b5 11.Nf1 O-O 12.dxe5 dxe5 13.Nxe5 Qxe5 14.Bxf6 Bxf6 15.Qxd7 b4
16.Rac1 bxc3 17.bxc3 c4 18.Qa4 Bg5 19.Rc2 Qb5 20.Qa3 Rfe8 21.Rb2 Qc6 22.Qa5 Bd8
23.Qf5 g6 24.Qf3 Ba5 25.Rd2 Rad8 26.Rxd8 Rxd8 27.Ne3 Qe6 28.Rd1 Rxd1+ 29.Nxd1 f5
30.Qe2 fxe4 31.Ne3 Bxc3 32.Qxc4 Qxc4 33.Nxc4 Bd4 34.Kf1 Kg7 35.Nd2 e3 36.Nb3 Be5
37.Nc5 exf2 38.Nxa6 Bxh2 39.Nc5 Kf7 40.Kxf2 Bc7 41.Kf3 h5 42.Ke4 Kf6 43.a4 g5
44.Nb3 g4 45.a5 Bxa5 46.Nxa5 h4 47.Nc4 h3 48.Ne3 hxg2  1/2-1/2

[Event "Capablanca Mem Premier II"]
[Site "Havana CUB"]
[Date "2004.05.17"]
[Round "11"]
[White "Kallio,H"]
[Black "Borriss,M"]
[Result "1-0"]
[WhiteElo "2484"]
[BlackElo "2441"]

1.e4 c5 2.Nf3 d6 3.Bb5+ Bd7 4.Bxd7+ Qxd7 5.O-O Nc6 6.d3 g6 7.Nc3 Bg7 8.Bg5 h6
9.Bh4 e6 10.Qd2 Nge7 11.Rae1 g5 12.Bg3 f5 13.exf5 exf5 14.Nd5 O-O-O 15.Nxe7+ Nxe7
16.h3 Nc6 17.c3 Rhg8 18.Qe2 Rde8 19.Qd1 f4 20.Rxe8+ Rxe8 21.Bh2 d5 22.Kh1 Qf5
23.Bg1 h5 24.Nh2 Qg6 25.f3 d4 26.Qb3 dxc3 27.bxc3 Rd8 28.Rd1 b6 29.Qc4 Qf5
30.d4 Qd5 31.Qd3 cxd4 32.Qh7 Rd7 33.cxd4 g4 34.fxg4 hxg4 35.hxg4 Kb7 36.Qg6 a5
37.Nf3 a4 38.a3 Bf8 39.Qd3 Bd6 40.Rb1 Bc5 41.Rb5 Qd6 42.g5 Rd8 43.Qh7+ Rd7
44.Qe4 Qe7 45.Qxe7 Bxe7 46.d5 Na5 47.Rxb6+ Kc8 48.Ra6 Rxd5 49.g6 Kb7 50.Ra7+  1-0

[Event "Capablanca Mem Premier I"]
[Site "Havana CUB"]
[Date "2004.05.17"]
[Round "11"]
[White "Prasca,R"]
[Black "Vera,R"]
[Result "1/2-1/2"]
[WhiteElo "2362"]
[BlackElo "2444"]

1.e4 c5 2.Nf3 d6 3.Bb5+ Bd7 4.Bxd7+ Qxd7 5.O-O Nf6 6.Re1 Nc6 7.b3 g6 8.c3 Bg7
9.d4 cxd4 10.cxd4 d5 11.e5 Ne4 12.Nbd2 Nc3 13.Qc2 Nb5 14.Qc5 Nc7 15.Nf1 Ne6
16.Qc3 Rc8 17.Qd2 O-O 18.Bb2 f6 19.Rad1 a5 20.a3 b6 21.h4 fxe5 22.Nxe5 Nxe5
23.dxe5 Rcd8 24.h5 Qb5 25.hxg6 hxg6 26.Qd3 Qxd3 27.Rxd3 d4 28.Nd2 Nf4 29.Rf3 Bh6
30.Nc4 d3 31.Kf1 d2 32.Rd1 Nd3 33.Bc3 Rxf3 34.gxf3 Nc1 35.Nxb6 Nxb3 36.Nc4 Rd3
37.Bxd2 Nxd2+ 38.Ke2 Rc3 39.Nxd2 Bxd2 40.Rxd2 Rxa3 41.Rc2 Kf7 42.Rc6 g5 43.Rb6 Rc3
44.Ra6 Rc5 45.f4 gxf4 46.Kf3 Rxe5 47.Kxf4 Rb5 48.Kg4 e6 49.f4 Ke7 50.Rc6 Kd7
51.Ra6 Rc5 52.Kh4 Rb5 53.Kg4 Ke7 54.Kh4 Rd5 55.Kg4 Kd7 56.Kh4 Rd4 57.Rxa5 Rxf4+
58.Kg3 Rf8 59.Kg4 Rf1 60.Ra6 Rf6 61.Rb6  1/2-1/2

[Event "TCh-SCG"]
[Site "Petrovac SCG"]
[Date "2004.05.18"]
[Round "3"]
[White "Stojanovic,Da"]
[Black "Jovanovic,ST"]
[Result "1-0"]
[WhiteElo "2437"]
[BlackElo "2287"]

1.e4 c5 2.Nf3 d6 3.Bb5+ Bd7 4.Bxd7+ Qxd7 5.O-O Nc6 6.c3 Nf6 7.d4 cxd4 8.cxd4 d5
9.e5 Ne4 10.Ne1 h6 11.f3 Ng5 12.Be3 e6 13.Nd3 Be7 14.Nc3 g6 15.Rc1 Rc8 16.Qd2 b6
17.Ne2 f5 18.exf6 Bxf6 19.Ndf4 Kf7 20.h4 Nh7 21.h5 gxh5 22.Nxh5 Ne7 23.Neg3 Bh4
24.Bxh6 Nf6 25.Nxf6 Bxf6 26.Nh5 Rxh6 27.Qxh6 Bxd4+ 28.Kh1 Rh8 29.Qf4+ Nf5
30.g4 e5 31.Qh2 Ng7 32.Qh4 Nxh5 33.gxh5 Qe7 34.Qg4 Bc5 35.Rc2 Qe6 36.Rg2 Qxg4
37.fxg4+ Ke6 38.Rh2 Be3 39.Re2 d4 40.Rxe3 dxe3 41.Kg2 Kd5 42.Kf3 Rf8+ 43.Ke2 Rf4
44.Rg1 Ke4 45.Rg2 Rf3 46.h6 Rh3 47.g5  1-0

[Event "TCh-SCG"]
[Site "Petrovac SCG"]
[Date "2004.05.18"]
[Round "3"]
[White "Kovacevic,A"]
[Black "Arsovic,Z"]
[Result "1/2-1/2"]
[WhiteElo "2559"]
[BlackElo "2445"]

1.e4 c5 2.Nf3 d6 3.Bb5+ Bd7 4.Bxd7+ Qxd7 5.O-O e6 6.c3 Nf6 7.Re1 Nc6 8.d4 cxd4
9.cxd4 d5 10.e5 Ne4 11.Nbd2 Nxd2 12.Bxd2 Be7 13.Rc1 O-O 14.Rc3 Rac8 15.h4 h6
16.a3 f5 17.exf6 Rxf6 18.Nh2 Rcf8 19.Ng4 Rf5 20.Bxh6 Bxh4 21.g3 Bf6 22.Be3 Qf7
23.f4 Qg6 24.Kg2 Bd8 25.Bf2 Bb6 26.b4 a6 27.a4 Bc7 28.Rb3 Bd6 29.b5 axb5
30.axb5 Na5 31.Rbe3 Re8 32.Qe2 Kf7 33.Re5 Nc4 34.Rxf5+ Qxf5 35.Ra1 Bb8 36.Rh1 Bc7
37.Rh5 Qg6 38.Rg5 Qb1 39.f5 exf5 40.Qf3 Nd6 41.Qxd5+ Kf8 42.Ne5 Qe4+ 43.Qxe4 fxe4
44.Nd7+ Kf7 45.Rc5 Ba5 46.Be3 Ke6 47.Ne5 Nf5 48.Nc4 Nxe3+ 49.Nxe3 Bb6 50.Re5+ Kf7  1/2-1/2

[Event "TCh-SCG"]
[Site "Petrovac SCG"]
[Date "2004.05.19"]
[Round "4"]
[White "Pavlovic,Neb"]
[Black "Bugarcic,I"]
[Result "1/2-1/2"]
[WhiteElo "2288"]
[BlackElo "2199"]

1.e4 c5 2.Nf3 d6 3.Bb5+ Bd7 4.a4 Nf6 5.e5 dxe5 6.Nxe5 Bxb5 7.axb5 Qd5 8.Nf3 Qe4+
9.Qe2 Qxe2+ 10.Kxe2 Nbd7 11.d3 g6 12.Nbd2 Bg7 13.Nc4 O-O 14.Bd2 Nd5 15.Ra2 Nc7
16.Na5 Rfb8 17.c4 a6 18.b6 Nxb6 19.b4 Nd7 20.Rb1 b5 21.Nc6 Re8 22.cxb5 Nxb5
23.Rc1 cxb4 24.Bxb4 Bf6 25.Ba5 Rac8 26.Rac2 Nb8 27.Bb4 Nxc6 28.Rxc6 Rxc6
29.Rxc6 Ra8 30.Rb6 Nc7 31.Rb7 Nd5 32.Bd2 a5 33.Rb5 Nc3+ 34.Bxc3 Bxc3 35.Rb3 Bf6
36.Nd2 a4 37.Ra3 e6 38.Nc4 Be7 39.Ra2 a3 40.Kd2 h5 41.Kc2 Kg7 42.Kb3 Kf6
43.Nxa3 Bc5 44.Nc4 Rxa2 45.Kxa2 Bxf2 46.Kb3 Bg1 47.h3 Bd4 48.Kc2 Kg5 49.Kd2 Kf4
50.Ke2 f5 51.Nd2 g5 52.Nf3 Bb6 53.Nd2 h4 54.Nf3 e5 55.Kf1 Bd8 56.Kf2 Ba5
57.Ke2 Bc3 58.Kf2 e4 59.dxe4 fxe4 60.Nh2 e3+ 61.Ke2 Kg3 62.Nf3 Bf6 63.Ne1 Bc3
64.Nf3 Kxg2 65.Nxg5 Bd2 66.Kd3 Kf1 67.Nf3 Bc1 68.Nd4 Kf2 69.Ne2 Bb2 70.Nf4 Bf6
71.Ne2 Bg5 72.Nc3 Kg2 73.Ke2 Kxh3 74.Kf3 Bh6 75.Ne2 Kh2 76.Kg4 h3 77.Kf3 Bg5
78.Ng3 Kg1 79.Ne2+ Kf1 80.Ng3+ Ke1 81.Nf5 Kd2 82.Nxe3 Bf4 83.Kxf4 h2 84.Nf1+  1/2-1/2

[Event "Invitational"]
[Site "Santa Monica USA"]
[Date "2004.05.19"]
[Round "9"]
[White "Stein,Alex"]
[Black "Matikozian,A"]
[Result "1/2-1/2"]
[WhiteElo "2316"]
[BlackElo "2467"]

1.e4 c5 2.Nf3 d6 3.Bb5+ Bd7 4.Qe2 Nf6 5.Nc3 Bxb5 6.Qxb5+ Qd7 7.Qxd7+ Nbxd7
8.d3 e6 9.Bg5 Be7 10.O-O a6  1/2-1/2

[Event "57th ch-RUS Qualifier"]
[Site "St Petersburg RUS"]
[Date "2004.05.21"]
[Round "1"]
[White "Silivanov,S"]
[Black "Tseshkovsky,V"]
[Result "0-1"]
[WhiteElo "2291"]
[BlackElo "2564"]

1.e4 c5 2.Nf3 d6 3.Bb5+ Nc6 4.Bxc6+ bxc6 5.O-O e5 6.c3 Bg4 7.h3 Bxf3 8.Qxf3 Nf6
9.d3 Be7 10.Be3 O-O 11.Nd2 d5 12.Qf5 Nd7 13.Qg4 h5 14.Qxh5 d4 15.cxd4 cxd4
16.Bxd4 exd4 17.f4 Rb8 18.b3 Rb5 19.e5 Nf6 20.Qf3 Nd5 21.g3 Ne3 22.Rfc1 Qd7
23.Rxc6 Qxh3 24.Rc7 Rb6 25.Re1 Rh6 26.Re2 Rc8 27.Rxc8+ Qxc8 28.Nc4 Bc5 29.Nxe3 dxe3
30.f5 Bd4 31.Kg2 Qc1  0-1

[Event "57th ch-RUS Qualifier"]
[Site "St Petersburg RUS"]
[Date "2004.05.21"]
[Round "1"]
[White "Najer,E"]
[Black "Loginov,Va"]
[Result "1-0"]
[WhiteElo "2606"]
[BlackElo "2516"]

1.e4 c5 2.Nf3 d6 3.Bb5+ Bd7 4.Bxd7+ Qxd7 5.O-O Nf6 6.Re1 Nc6 7.c3 e6 8.d4 cxd4
9.cxd4 d5 10.e5 Ne4 11.Nbd2 Nxd2 12.Bxd2 Be7 13.Rc1 O-O 14.Rc3 f6 15.exf6 Bxf6
16.Bg5 Rae8 17.Bxf6 Rxf6 18.Rce3 h6 19.h3 Qf7 20.b4 a6 21.a4 Nxb4 22.Ne5 Qc7
23.Ng4 Rff8 24.Rxe6 Rxe6 25.Rxe6 Qc2 26.Nxh6+ Kh7 27.Qxc2+ Nxc2 28.Ng4 Nxd4
29.Rb6 Rf7 30.Kf1 Rc7 31.Ke1 Rc4 32.Rxb7 Rxa4 33.Nf6+ Kh6 34.Nxd5 Ra1+ 35.Kd2 Ra2+
36.Kd3 Nf5 37.g4 Ra3+ 38.Nc3 Nh4 39.Rc7 Nf3 40.Ke3 Ne1 41.f4 Nc2+ 42.Ke4 Ra1
43.Nd5 Ra4+ 44.Ke5 Nd4 45.Rc3 Ne2 46.Re3 Nd4 47.Rc3 Ne2 48.Re3 Nd4 49.Ne7 Nc2
50.Rc3 Nd4 51.f5 Kg5 52.Nd5 Kh4 53.Nf4 Rb4 54.Ne6 Ne2 55.Rc7 Rb5+ 56.Kd6 Ng3
57.Rxg7 Nxf5+ 58.gxf5 Rxf5 59.Rh7+ Rh5 60.Rc7 a5 61.Rc3 a4 62.Nf4 Rb5 63.Ng2+ Kg5
64.Ke6 Rb6+ 65.Ke5 Rb3 66.Kd4 Rb2 67.Rc5+ Kh6 68.Nf4 a3 69.Ra5 Ra2 70.Ke3 Ra1
71.Kf2 Ra2+ 72.Kg3 Ra1 73.Ne2 Kg7 74.Nc3 Kg6 75.Kg2 Kh6 76.Kg3 Kg6 77.Kh4 Kh6
78.Nb5 Rb1 79.Ra6+ Kg7 80.Nxa3 Rb4+ 81.Kg5 Rb3 82.Ra7+ Kf8 83.h4 Rc3 84.Ra4  1-0

[Event "5th IECC"]
[Site "Antalya TUR"]
[Date "2004.05.22"]
[Round "7"]
[White "Drabke,L"]
[Black "Cheparinov,I"]
[Result "1/2-1/2"]
[WhiteElo "2453"]
[BlackElo "2555"]

1.e4 c5 2.Nf3 d6 3.Bb5+ Nc6 4.O-O Bd7 5.Re1 Nf6 6.c3 a6 7.Bf1 e5 8.h3 Be7
9.d4 Qc7 10.Na3 O-O 11.Nc4 cxd4 12.cxd4 exd4 13.Nxd4 d5 14.exd5 Nxd5 15.Nxc6 Bxc6
16.Ne5 Bf6 17.Nxc6 bxc6 18.Rb1 Rfd8 19.Qc2 Bd4 20.Bd2 Qb6 21.Bg5 Rd6 22.Re4 Rg6
23.Rbe1 Rf8 24.Bc1 Rf6 25.R1e2 h6 26.a3 c5 27.Rd2 a5 28.Bc4 Qb7 29.Rde2 Nb6
30.Ba2 Nd5 31.Bb1 Rg6 32.Rg4 Ne7 33.Qe4 Qxe4 34.Rgxe4 Nc6 35.Re8 Rd6 36.Bh7+ Kxh7
37.Rxf8 Rd7 38.Rc8 Ne5 39.Be3 f6 40.Bxd4 cxd4 41.Rd2 g5 42.Kf1 d3 43.Rc3 a4
44.g3 Rd4 45.Kg2 h5 46.Rc1 Nc4 47.Rxd3 Rxd3 48.Rxc4 Rd2 49.Rb4 Kg6 50.Kf3 Rc2
51.Ke3 Kf5 52.h4 Kg6 53.hxg5 fxg5 54.Kf3 Kf5 55.Rb5+ Kg6 56.Rb4 Kf5 57.Ke3 Kg6
58.Rxa4 Rxb2 59.Ra8 g4 60.Rd8 Ra2 61.Rd3 Kf5 62.Rb3 Kg6 63.Rb6+ Kf5 64.Rb3 Kg6
65.Rc3 Kf5 66.Rd3 Kg6 67.Rd6+ Kf5 68.Ra6 Rb2 69.Ra5+ Kg6 70.a4 Rb3+ 71.Ke2 Rb2+
72.Kf1 Rb1+ 73.Kg2 Ra1 74.Ra8 Kg7 75.a5 Kh7  1/2-1/2

[Event "FIDE WCh Women KO"]
[Site "Elista RUS"]
[Date "2004.05.22"]
[Round "1.1"]
[White "Slavina,I"]
[Black "Lomineishvili,M"]
[Result "1/2-1/2"]
[WhiteElo "2395"]
[BlackElo "2397"]

1.e4 c5 2.Nf3 d6 3.Bb5+ Bd7 4.Bxd7+ Qxd7 5.c4 Nf6 6.Nc3 g6 7.d4 cxd4 8.Nxd4 Bg7
9.O-O O-O 10.f3 Rc8 11.b3 d5 12.e5 Ne8 13.Nxd5 e6 14.Nc3 Bxe5 15.Nce2 Rd8
16.Bb2 Qc7 17.f4 Bxd4+ 18.Nxd4 Nc6 19.Qd2 Qb6 20.Rad1 Rd7 21.Qc3 Rad8 22.c5 Qb4
23.Nxc6 Qxc3 24.Bxc3 bxc6 25.Rxd7 Rxd7 26.Re1 Nc7 27.Kf2 Nd5 28.Bd2 Rb7 29.Rb1 h5
30.b4 a6 31.h3 Kg7 32.g4 hxg4 33.hxg4 Rb8 34.a4 Kf6 35.Kg3 Ke7 36.Rb3  1/2-1/2

[Event "TCh-SCG"]
[Site "Petrovac SCG"]
[Date "2004.05.22"]
[Round "7"]
[White "Popovic,Du"]
[Black "Kovacevic,A"]
[Result "0-1"]
[WhiteElo "2445"]
[BlackElo "2559"]

1.e4 c5 2.Nf3 d6 3.Bb5+ Nd7 4.d4 Nf6 5.Nc3 a6 6.Bxd7+ Nxd7 7.O-O e6 8.Bg5 Be7
9.Bxe7 Qxe7 10.dxc5 dxc5 11.e5 O-O 12.Ne4 Rd8 13.Qc1 b5 14.h4 Bb7 15.Qe3 c4
16.Rfe1 Bxe4 17.Qxe4 Nc5 18.Qe3 Rd5 19.Rad1 Rad8 20.Rxd5 Rxd5 21.b3 cxb3
22.cxb3 Qd8 23.Re2 h6 24.Rc2 Nd3 25.g3 Nxe5 26.Nxe5 Rxe5 27.Qf3 Rf5 28.Qe4 Re5
29.Qf3 Rd5 30.Kg2 Qd7 31.Qe4 f5 32.Qf4 e5 33.Qc1 Rd1 34.Qe3 Qd5+ 35.f3 Rd3
36.Qf2 e4 37.fxe4 Qxe4+ 38.Kh2 Rf3 39.Qg2 f4 40.g4 Qe3 41.Rc8+ Kh7 42.g5 Rg3
43.g6+ Rxg6  0-1

[Event "4NCL"]
[Site "West Bromwich ENG"]
[Date "2004.05.22"]
[Round "10"]
[White "Shaw,J"]
[Black "Kosten,A"]
[Result "1/2-1/2"]
[WhiteElo "2465"]
[BlackElo "2507"]

1.e4 c5 2.Nf3 d6 3.Bb5+ Bd7 4.Bxd7+ Qxd7 5.O-O Nc6 6.c3 Nf6 7.d4 cxd4 8.cxd4 d5
9.e5 Ng8 10.Nc3 e6 11.b3 Rc8 12.Ne2 Nge7 13.Ba3 g6 14.h4 h5 15.Nf4 Nf5 16.Bxf8 Kxf8
17.Kh2 Qe7 18.g3 Qb4 19.Ne2 Kg7 20.a3 Qb6 21.Rg1 Nh6 22.Qd3 Rc7 23.Rgc1 Rhc8
24.b4 a5 25.b5 Ne7 26.a4 Nef5 27.Rxc7 Rxc7 28.Rc1 Rxc1 29.Nxc1 Qc7 30.Ne2 Ng4+
31.Kg2 Kf8 32.Qc3 Qxc3  1/2-1/2

[Event "5th IECC"]
[Site "Antalya TUR"]
[Date "2004.05.23"]
[Round "8"]
[White "Klinova,M"]
[Black "Soylu,S"]
[Result "1/2-1/2"]
[WhiteElo "2436"]
[BlackElo "2397"]

1.e4 c5 2.Nf3 d6 3.Bb5+ Bd7 4.Bxd7+ Qxd7 5.c4 Nf6 6.Nc3 g6 7.O-O Bg7 8.d3 Nc6
9.h3 O-O 10.Be3 e6 11.Rc1 a6 12.Qd2 b5 13.b3 Rab8 14.Rfd1 b4 15.Ne2 e5 16.Nh2 Ne8
17.f4 exf4 18.Nxf4 Nc7 19.Nf3 f5 20.exf5 Qxf5 21.Ne2 Rbe8 22.Ng3 Qd7 23.Rf1 Bc3
24.Qf2 Nd4 25.Ne4 Nxf3+ 26.gxf3 Qxh3 27.Qg2 Qxg2+ 28.Kxg2 Re6 29.Bh6 Bg7
30.Rh1 Rf5 31.Rh3 Ne8 32.Rch1 Nf6 33.Bc1 Nh5 34.Rh4 Be5 35.Bh6 Bf4 36.Bxf4 Nxf4+
37.Kg3 Nh5+ 38.Kf2 Rf8 39.Rg1 Nf6 40.Rgh1 Nxe4+ 41.dxe4 Rf7 42.Ke3 Ref6 43.R4h3 h5
44.Rd1 Re7 45.Rg1 Kf8 46.Rh2 Ref7 47.Rh3 a5 48.Rd1 a4 49.Rd5 axb3 50.axb3 Re7
51.Rh2 Ref7 52.Rh3 Re7 53.Rh2  1/2-1/2

[Event "57th ch-RUS Qualifier"]
[Site "Tomsk RUS"]
[Date "2004.05.23"]
[Round "1"]
[White "Ulibin,M"]
[Black "Gajsin,E"]
[Result "1-0"]
[WhiteElo "2579"]
[BlackElo "2404"]

1.e4 c5 2.Nf3 d6 3.Bb5+ Nd7 4.d4 Nf6 5.Nc3 cxd4 6.Qxd4 e5 7.Qd3 h6 8.a4 a6
9.Bc4 Nc5 10.Qe2 Bg4 11.h3 Bh5 12.O-O Be7 13.Rd1 Qc8 14.Nd5 Ncxe4 15.Nb6 Qc6
16.Nxa8 O-O 17.Bd5 Nc3 18.bxc3 Nxd5 19.Rxd5 Qxd5 20.Nb6 Qc6 21.a5 e4 22.g4 Bg6
23.Bd2 exf3 24.Qxe7 f5 25.g5 Re8 26.Qd7 Re2 27.Qxc6 bxc6 28.Rd1 hxg5 29.Bxg5 d5
30.c4  1-0

[Event "57th ch-RUS Qualifier"]
[Site "Tomsk RUS"]
[Date "2004.05.24"]
[Round "2"]
[White "Khairullin,I"]
[Black "Nazarov,N"]
[Result "1-0"]
[WhiteElo "2481"]
[BlackElo "2256"]

1.e4 c5 2.Nf3 d6 3.Bb5+ Nc6 4.c3 Qb6 5.Ba4 Nf6 6.Qe2 Bd7 7.O-O g6 8.Na3 Bg7
9.Nc4 Qc7 10.d3 O-O 11.Bf4 e5 12.Bg5 h6 13.Bxf6 Bxf6 14.Ne3 Bg7 15.Bb3 Kh7
16.h4 Ne7 17.h5 Qc8 18.Rfd1 Be6 19.d4 Bxb3 20.axb3 exd4 21.cxd4 Nc6 22.dxc5 dxc5
23.Rac1 b6 24.Nc4 Rd8 25.e5 Qe6 26.Qe4 Rxd1+ 27.Rxd1 Rd8 28.Rxd8 Nxd8 29.Nh4 b5
30.Nd6 Bxe5 31.hxg6+ Kh8 32.Nxf7+ Nxf7 33.gxf7 Kg7 34.Qxe5+  1-0

[Event "5th IECC"]
[Site "Antalya TUR"]
[Date "2004.05.25"]
[Round "10"]
[White "Klinova,M"]
[Black "Yilmaz,T"]
[Result "0-1"]
[WhiteElo "2436"]
[BlackElo "2311"]

1.e4 c5 2.Nf3 d6 3.Bb5+ Bd7 4.Bxd7+ Qxd7 5.c4 Nc6 6.Nc3 g6 7.d4 cxd4 8.Nxd4 Bg7
9.Be3 Nf6 10.f3 O-O 11.O-O Ne8 12.Rc1 Nc7 13.Qd2 Ne6 14.Nde2 Ne5 15.b3 b6
16.Nd5 Qb7 17.Nd4 Rfe8 18.Rfd1 Rac8 19.h3 Nc6 20.Ne2 Nc5 21.Nd4 Ne6 22.Nxe6 fxe6
23.Nf4 Kf7 24.a4 e5 25.Ne2 Nd8 26.Qd5+ Qxd5 27.cxd5 Nb7 28.b4 Ra8 29.Rc7 Reb8
30.Rb1 a5 31.bxa5 Nxa5 32.Nc3 Rc8 33.Nb5 Rxc7 34.Nxc7 Rc8 35.Bxb6 Nc4 36.a5 Bh6
37.Ne6 Rb8 38.f4 Nxa5 39.Rb4 Nc6 40.Rb2 exf4 41.Kf2 Ne5 42.Nd8+ Rxd8 43.Bxd8 Nd3+  0-1

[Event "57th ch-RUS Qualifier"]
[Site "Tomsk RUS"]
[Date "2004.05.25"]
[Round "3"]
[White "Sherbakov,R"]
[Black "Loskutov,O"]
[Result "1/2-1/2"]
[WhiteElo "2564"]
[BlackElo "2433"]

1.e4 c5 2.Nf3 d6 3.Bb5+ Bd7 4.Bxd7+ Nxd7 5.O-O Ngf6 6.Qe2 e6 7.c3 Be7 8.d4 O-O
9.e5 Ne8 10.Bf4 Qb6 11.Nbd2 d5 12.Rab1 Nc7 13.Bg5 Bxg5 14.Nxg5 Qa6 15.Qe3 cxd4
16.cxd4 Rac8 17.Rfc1 Na8 18.Nf1 Nab6 19.Ng3 h6 20.Nh5 hxg5 21.Qxg5 g6 22.Qh6 gxh5
23.Qg5+ Kh7 24.Qxh5+ Kg7 25.Qg4+ Kh7 26.Qh3+ Kg7 27.Qg3+ Kh7 28.Qh3+ Kg7
29.Qg4+ Kh7 30.Qh4+ Kg7 31.Qg5+ Kh7  1/2-1/2

[Event "FIDE WCh Women KO"]
[Site "Elista RUS"]
[Date "2004.05.27"]
[Round "3.2"]
[White "Xu Yuhua"]
[Black "Paehtz,E"]
[Result "1-0"]
[WhiteElo "2474"]
[BlackElo "2385"]

1.e4 c5 2.Nf3 d6 3.Bb5+ Nd7 4.d4 a6 5.Bxd7+ Bxd7 6.O-O cxd4 7.Qxd4 e5 8.Qd3 h6
9.c4 Nf6 10.Nc3 Be7 11.Rd1 Rc8 12.b3 O-O 13.a4 Qa5 14.Ba3 Rfd8 15.h3 Bf8
16.Qe3 Be6 17.Ne1 Qc7 18.Nd3 Nh5 19.Nb4 Qe7 20.Nbd5 Qh4 21.a5 g6 22.Nb6 Rb8
23.Ncd5 f5 24.exf5 gxf5 25.c5 f4 26.Qe4 Qg5 27.h4 Qg7 28.Bb2 Bg4 29.Rd2 Qf7
30.cxd6 Bxd6 31.Nc4 Bf5 32.Qf3 e4 33.Qxh5 Qxh5 34.Nf6+ Kf7 35.Nxh5 Bc7 36.Rad1 Rxd2
37.Rxd2 Kg6 38.Nf6 e3 39.fxe3 fxe3 40.Nxe3 Bxa5 41.h5+ Kg5 42.Rd5  1-0

[Event "57th ch-RUS Qualifier"]
[Site "St Petersburg RUS"]
[Date "2004.05.27"]
[Round "6"]
[White "Andreikin,D"]
[Black "Najer,E"]
[Result "1/2-1/2"]
[WhiteElo "2418"]
[BlackElo "2606"]

1.e4 c5 2.Nf3 d6 3.Bb5+ Bd7 4.Bxd7+ Nxd7 5.O-O Ngf6 6.Re1 g6 7.d4 cxd4 8.Nxd4 Rc8
9.b3 Bg7 10.c4 a6 11.Bb2 O-O 12.Nc3 e6 13.Qe2 Qa5 14.Rad1 Rfd8 15.Qd2 Nc5
16.h3 Qb6 17.Qe3 Qc7 18.Rd2 Qe7 19.Red1 Qf8 20.Qe2 Bh6 21.Rc2 Bg7 22.Rcd2 Bh6
23.Rc2 Bg7  1/2-1/2

[Event "Chicago Open"]
[Site "Chicago USA"]
[Date "2004.05.28"]
[Round "1"]
[White "Drake,J"]
[Black "Sarkar,J"]
[Result "0-1"]
[WhiteElo "2158"]
[BlackElo "2375"]

1.e4 c5 2.Nf3 d6 3.Bb5+ Nd7 4.O-O Nf6 5.Re1 a6 6.Bxd7+ Nxd7 7.d4 cxd4 8.Qxd4 e5
9.Qd1 Be7 10.b3 b5 11.a4 Bb7 12.axb5 axb5 13.Rxa8 Qxa8 14.Qe2 O-O 15.Ba3 f5
16.Qxb5 Bc6 17.Qc4+ Kh8 18.Qe6 fxe4 19.Qxe7 exf3 20.g3 Qa5 21.c3 e4 22.Bxd6 Qf5
23.Kh1 Qg6 24.Bf4 Rxf4  0-1

[Event "57th ch-RUS Qualifier"]
[Site "Tomsk RUS"]
[Date "2004.05.28"]
[Round "6"]
[White "Sherbakov,R"]
[Black "Vorobiov,E"]
[Result "1/2-1/2"]
[WhiteElo "2564"]
[BlackElo "2552"]

1.e4 c5 2.Nf3 d6 3.Bb5+ Nd7 4.d4 Nf6 5.Nc3 cxd4 6.Qxd4 e5 7.Qd3 h6 8.Nd2 Be7
9.Nc4 O-O 10.Be3 Qc7 11.Ba4 Rd8 12.O-O Nc5 13.Bxc5 dxc5 14.Nd5 Nxd5 15.exd5 a6
16.Rad1 b5 17.d6 Bxd6 18.Nxd6 Be6 19.Qe4 bxa4 20.Qxe5  1/2-1/2

[Event "5th IECC"]
[Site "Antalya TUR"]
[Date "2004.05.29"]
[Round "13"]
[White "Ersahin,B"]
[Black "Erdogan,H"]
[Result "0-1"]
[WhiteElo "2070"]
[BlackElo "2252"]

1.e4 c5 2.Nf3 d6 3.Bb5+ Bd7 4.Bxd7+ Qxd7 5.O-O Nc6 6.c3 Nf6 7.Qe2 g6 8.d4 cxd4
9.cxd4 Bg7 10.Nc3 O-O 11.Rd1 d5 12.e5 Ne8 13.b3 Nc7 14.Ba3 Ne6 15.g3 g5 16.Qe3 g4
17.Nh4 f6 18.f4 gxf3 19.Nxf3 fxe5 20.Nxe5 Nxe5 21.dxe5 d4 22.Qe4 Rad8 23.Qg4 d3
24.Ne4 Qd4+ 25.Kh1 Qxe5 26.Re1 Qf5 27.Qxf5 Rxf5 28.Rad1 Rd7 29.Nd2 Kf7 30.Kg2 Bc3
31.Re3 Rfd5 32.Ne4 Bf6 33.Bb4 a5 34.Bc3 b6 35.Rf3 Rc7 36.Bxf6 exf6 37.Rdxd3 Rxd3
38.Rxd3 f5 39.Nd6+ Kg6 40.Nc4 b5 41.Ne3 Rc5 42.h4 Kf6 43.Kf3 Ke5 44.Rd7 h5
45.Ra7 Nd4+ 46.Kf2 Nc6 47.Rh7 Ke4 48.Rxh5 Rc3 49.Nxf5 Rf3+ 50.Kg2 Rxf5 51.Rh8 Rc5
52.Kh3 b4 53.Rf8 Ne5 54.Rf4+ Ke3 55.h5 Nf3 56.Kg2 Rc2+ 57.Kh3 Rc5 58.Kg2 Ng5
59.Rf8 Rc2+ 60.Kf1 Rxa2 61.h6 Rh2 62.Rf5 Nf3  0-1

[Event "Chicago Open"]
[Site "Chicago USA"]
[Date "2004.05.29"]
[Round "2"]
[White "Duncan,J"]
[Black "Shivaji,S1"]
[Result "0-1"]
[WhiteElo "2107"]
[BlackElo "2272"]

1.e4 c5 2.Nf3 d6 3.Bb5+ Bd7 4.Bxd7+ Qxd7 5.O-O Nc6 6.c3 Nf6 7.Re1 e6 8.d4 cxd4
9.Nxd4 Be7 10.Bg5 O-O 11.Nd2 Rfe8 12.f4 h6 13.Bxf6 Bxf6 14.N2f3 Rad8 15.e5 dxe5
16.fxe5 Be7 17.Kh1 Na5 18.Qe2 a6 19.b4 Nc6 20.Rad1 Qc8 21.Qe3 Nxd4 22.Nxd4 Qc4
23.Qf3 Qc7 24.Re4 Rd5 25.Rf1 Rf8 26.Rf4 Qxe5 27.Rxf7 Bf6 28.Rxb7 Be7 29.Qd3 Rxf1+
30.Qxf1 Bd8 31.Qf7+ Kh7 32.g3 Qe4+ 33.Kg1 Bf6 34.Nf3 Qe2 35.Nd4 Rxd4  0-1

[Event "57th ch-RUS Qualifier"]
[Site "Tomsk RUS"]
[Date "2004.05.29"]
[Round "7"]
[White "Frolov,D"]
[Black "Sherbakov,R"]
[Result "0-1"]
[WhiteElo "2401"]
[BlackElo "2564"]

1.e4 c5 2.Nf3 d6 3.Bb5+ Nd7 4.d4 Nf6 5.Nc3 cxd4 6.Qxd4 e5 7.Qd3 h6 8.Be3 Be7
9.Bc4 Nb6 10.Bxb6 Qxb6 11.O-O Be6 12.Bb3 Rc8 13.Rfd1 Nh5 14.h3 O-O 15.Nh2 Nf4
16.Qf3 Kh8 17.Nf1 f5 18.Bxe6 fxe4 19.Nxe4 Nxe6 20.Qb3 Qxb3 21.axb3 Rxc2 22.Rxa7 Bh4
23.g3 Ng5 24.Nfd2 d5 25.gxh4 Nxh3+ 26.Kg2 Nf4+ 27.Kf1 Nd3 28.Rxb7 dxe4 29.Ke2 Rd8
30.Ke3 Nf4 31.Rg1 Rcxd2 32.Kxe4 Re2+  0-1

[Event "57th ch-RUS Qualifier"]
[Site "Tomsk RUS"]
[Date "2004.05.30"]
[Round "8"]
[White "Sorokin,M"]
[Black "Dvoirys,S"]
[Result "1/2-1/2"]
[WhiteElo "2583"]
[BlackElo "2612"]

1.e4 c5 2.Nf3 d6 3.Bb5+ Bd7 4.Bxd7+ Qxd7 5.O-O Nc6 6.c3 Nf6 7.Qe2 e6 8.d4 O-O-O
9.Nbd2 cxd4 10.cxd4 Kb8 11.Rd1 h6 12.b3 Be7 13.Bb2 d5 14.Ne5  1/2-1/2

[Event "3rd ACP Blitz Prelim1"]
[Site "playchess.com INT"]
[Date "2004.05.31"]
[Round "1"]
[White "Baklan,V"]
[Black "Pelletier,Y"]
[Result "1-0"]
[WhiteElo "2615"]
[BlackElo "2581"]

1.e4 c5 2.Nf3 d6 3.Bb5+ Nd7 4.O-O a6 5.Bxd7+ Bxd7 6.d4 cxd4 7.Qxd4 Rc8 8.Nc3 e5
9.Qd3 h6 10.b3 Nf6 11.Bb2 Be7 12.Rac1 O-O 13.Nd5 Nxd5 14.Qxd5 Qc7 15.c4 Be6
16.Qd3 b6 17.Rfe1 f5 18.exf5 Bxf5 19.Qd5+ Kh8 20.Rcd1 Rcd8 21.h3 Bc8 22.Nd2 Bh4
23.Re2 Bb7 24.Qe6 Qc6 25.f3 Rf6 26.Qd5 Qc7 27.Qd3 Rf4 28.Ne4 d5 29.cxd5 Rxd5
30.Qb1 Rxd1+ 31.Qxd1 Bxe4 32.Rxe4 Rxe4 33.fxe4 Bg3 34.Qf3 Qc5+ 35.Kh1 Bf4
36.g3 Qc2 37.Qg2 Qb1+ 38.Kh2 Be3 39.Bxe5 Qd3 40.h4 b5 41.Qf3 Qd2+ 42.Kh3 Bd4
43.Qf8+  1-0

[Event "3rd ACP Blitz Prelim1"]
[Site "playchess.com INT"]
[Date "2004.05.31"]
[Round "16"]
[White "Baklan,V"]
[Black "Golubev,M"]
[Result "1-0"]
[WhiteElo "2615"]
[BlackElo "2532"]

1.e4 c5 2.Nf3 d6 3.Bb5+ Bd7 4.Bxd7+ Qxd7 5.O-O Nf6 6.e5 dxe5 7.Nxe5 Qc8 8.Qf3 Nbd7
9.Nc4 e6 10.Nc3 Be7 11.d3 O-O 12.Bf4 a6 13.a4 Rd8 14.Rfe1 b6 15.a5 b5 16.Nb6 Nxb6
17.axb6 Rd7 18.Nxb5 Nd5 19.Nc7 Nxc7 20.Bxc7 Rxc7 21.bxc7 Ra7 22.Qc6 Bf6 23.c3 h6
24.g3 Rxc7 25.Qxa6 Qd8 26.Qa8 Rc8 27.Qe4 h5 28.Ra2 g6 29.Rea1 Kg7 30.Ra7 Qe8
31.Rb7 h4 32.Raa7 hxg3 33.Rxf7+  1-0

[Event "3rd ACP Blitz Prelim2"]
[Site "playchess.com INT"]
[Date "2004.06.01"]
[Round "4"]
[White "Skripchenko,A"]
[Black "Shomoev,A"]
[Result "0-1"]
[WhiteElo "2456"]
[BlackElo "2487"]

1.e4 c5 2.Nf3 d6 3.Bb5+ Bd7 4.Bxd7+ Qxd7 5.O-O Nc6 6.c3 Nf6 7.Qe2 e6 8.Rd1 Be7
9.d3 O-O 10.Nbd2 b5 11.Nf1 Ne5 12.Ng3 Nxf3+ 13.Qxf3 a5 14.d4 cxd4 15.cxd4 d5
16.e5 Ne8 17.Nh5 f6 18.Qg3 fxe5 19.dxe5 Rf5 20.Nf4 Rxe5 21.Be3 Bd6 22.Qh3 Rf5
23.Nxd5 exd5  0-1

[Event "3rd ACP Blitz Prelim2"]
[Site "playchess.com INT"]
[Date "2004.06.01"]
[Round "10"]
[White "Zarnicki,P"]
[Black "Fernandez,Joh"]
[Result "1/2-1/2"]
[WhiteElo "2521"]
[BlackElo "2153"]

1.e4 c5 2.Nf3 d6 3.Bb5+ Bd7 4.Bxd7+ Qxd7 5.c4 Nc6 6.Nc3 Nf6 7.O-O g6 8.d4 cxd4
9.Nxd4 Bg7 10.Nde2 O-O 11.f3 a6 12.a4 e6 13.Bg5 Qc7 14.Kh1 Rac8 15.b3 Rfd8
16.Qd2 Ne5 17.f4 Nc6 18.f5 Rf8 19.Nf4 Qd7 20.Rad1 Ng4 21.h3 Nge5 22.f6 Bh8
23.Qxd6 Qxd6 24.Rxd6 Rfd8 25.Rfd1 Rxd6 26.Rxd6 Rd8 27.Rxd8+ Nxd8 28.Nfe2 Nd7
29.g4 Bxf6 30.Bxf6 Nxf6 31.Kg2 Nc6 32.Kf3 Kf8 33.Kf4 Ke7 34.g5 Nd7 35.h4 Nc5
36.Nc1 Nd4 37.b4 Nd7 38.N1e2 Nc6 39.b5 Nce5 40.c5 Nd3+ 41.Ke3 N3xc5 42.Kd4 Kd6
43.bxa6 bxa6 44.Kc4 Ne5+ 45.Kb4 Nf3 46.a5 Nxh4 47.e5+ Kxe5 48.Kxc5 Nf3 49.Kb6 Nd2
50.Kxa6 Nb3 51.Kb5 Nxa5 52.Kxa5 Kf5 53.Kb5 Kxg5 54.Kc5 h5 55.Kd4 Kg4 56.Ke3 h4
57.Ne4 f5 58.Nf2+ Kg5 59.Ng1 Kf6 60.Kf3 g5 61.Ne2 e5 62.Nc3 g4+ 63.Nxg4+ fxg4+
64.Kxg4 e4 65.Nxe4+ Ke5 66.Kxh4  1/2-1/2